000 00537nam a2200169 a 4500
001 000040683
005 20201002034312.0
008 130905s2007 sp 000 0 spa d
020 _a8478842993
040 _aDO-SdBNP
_bspa
_cBNPHU
245 0 0 _aGlobalización y Educación :
_bManual Crítico /
_ccoordinado por Nicholas C. Burbules, Carlos Alberto Torres.
260 _aMadrid :
_bEditorial popular,
_c2007.
300 _a263 p. ;
_c24 cm.
490 1 _aManuales
700 1 _aTorres, Carlos Alberto
_967053
830 0 _aManuales
_935652
999 _c40173
_d40173